| 000 | 00890nam a22002177a 4500 | ||
|---|---|---|---|
| 005 | 20251108174520.0 | ||
| 008 | 250721s2008 xx 000 0 ara d | ||
| 082 | 1 | 4 | _a810.09/ندو |
| 100 | 1 |
_aملحس، ثريا عبد الفتاح _eمؤلف |
|
| 111 | 2 |
_aندوة /أبحاث و مقالات في بعض آثار ثريا ملحس _cأمانة عمان الكبرى/ الدائرة الثقافية و بيت تايكي _d16-18 كانون الأول 2006 |
|
| 245 | 1 | 0 | _aأبحاث و مقالات وآراء بأقلام كتاب و باحثين أكاديميين / |
| 264 | 1 |
_aعمان : _bأمانة عمان الكبرى، _c2008. |
|
| 300 | _a502 ص. | ||
| 650 | 1 | 7 | _aالنقد الادبي |
| 650 | 1 | 7 | _aالتحليل الادبي |
| 650 | 1 | 7 | _aالادباا العرب |
| 650 | 1 | 7 | _aالاردن |
| 650 | 1 | 7 | _aالابحاث |
| 942 |
_2ddc _cBK |
||
| 999 |
_c111170 _d111170 |
||